Bach Family - Statistics

General Stats
  • This quiz has been taken 79 times
  • The average score is 3 of 13
Answer Stats
Hint Answer % Correct
Sixth survivng son (1735-82) Johann Christian
73%
Second wife (1701-60) Anna Magdalena
48%
Second surviving son (1714-88) Carl Philipp Emanuel
44%
First cousin once removed (1642-1703) Johann Christoph
37%
First son (1710-84) Wilhelm Friedemann
22%
Father (1645-95) Johann Ambrosius
19%
Second cousin and first wife (1684-1720) Maria Barbara
17%
Grandfather (1613-61) Christoph
14%
Great-great-grandfather (d. 1619) Veit
8%
Second cousin (1677-1731) Johann Ludwig
6%
Fifth surviving son (1732-95) Johann Christoph Friedrich
3%
Brother (1682-1722) Johann Jacob
3%
Grandson (1759-1845) Wilhelm Friedrich Ernst
2%
No matching quizzes found
Score Distribution
Percent of People with Each Score
Percentile by Number Answered
Your Score History
You have not taken this quiz